Stati dove la Capitale non è la città più popolata - Statistics

Statistiche generali
  • Questo quiz è stato fatto 97 volte
  • Il punteggio medio è 16 su 36
Statistiche sulle risposte
Continente Popolazione Capitale (ab.) Popolazione città più popolata (ab.) Stato % Corretto
Oceania 426,704 5,312,163 Australia
100%
America del Sud 3,500,000 12,252,023 Brasile
86%
America del Nord 705,749 8,398,748 Stati Uniti
84%
America del Nord 1,017,449 2,794,356 Canada
81%
Asia / Europa 5,150,072 14,377,018 Turchia
77%
Asia 21,893,095 30,484,300 Cina
75%
Asia 249,998 20,748,395 India
75%
Africa 759,693 / 2,437,000 / 4,004,793 9,167,045 Sudafrica
72%
Africa 627,000 4,150,000 Marocco
62%
Africa 778,567 7,937,932 Nigeria
62%
America del Sud 259,388 / 816,044 1,453,549 Bolivia
59%
Oceania 212,000 1,440,300 Nuova Zelanda
58%
Europa 138,041 397,698 Svizzera
58%
Asia 1,014,825 14,910,352 Pakistan
49%
Asia / Europa 743,014 1,450,095 Kazakistan
46%
Asia 363,095 460,613 Israele
39%
Asia 8,053,663 8,993,082 Vietnam
39%
America del Nord 20,621 61,762 Belize
36%
Europa 188,737 536,079 Belgio
35%
Europa 4,211 10,601 San Marino
35%
Africa 200,659 4,348,000 Costa d'Avorio
32%
Asia 925,000 4,346,000 Myanmar
32%
Asia 896,751 2,262,000 Emirati Arabi Uniti
30%
Europa 5,109 6,039 Liechtenstein
30%
Europa 5,827 29,097 Malta
30%
Africa 324,347 2,497,940 Tanzania
30%
Africa 1,430,000 5,768,400 Camerun
29%
Africa 264,320 761,100 Benin
28%
Asia 115,826 642,163 Sri Lanka
28%
Oceania 271 11,200 Palau
25%
Africa 41,944 1,092,859 Burundi
19%
Oceania 5,000 13,000 Stati Federati di Micronesia
19%
Asia 1,780,148 2,936,116 Filippine
17%
America del Nord 49,000 67,400 Trinidad e Tobago
13%
Africa 187,302 250,770 Guinea Equatoriale
10%
Africa 31,301 337,000 Gambia
7%
Nessun quiz corrispondente trovato
Distribuzione punteggi
Percentuale di utenti per punteggio
Percentile per numero di risposta
I tuoi punteggi nel tempo
Non hai fatto questo quiz